| 000 | 00460nam a22001697a 4500 | ||
|---|---|---|---|
| 003 | BDDh-ASL | ||
| 005 | 20231015031037.0 | ||
| 008 | 221021s1999 p ||||| |||| 00| 0 u d | ||
| 040 |
_aBDDh-ASL _cBDDh-ASL |
||
| 041 | _aurd | ||
| 082 |
_a297 _bSIR |
||
| 245 | 0 | 0 | _aSirat Khairul Anam : / سیرۃ خیر الانام |
| 260 |
_aLahore : _bPunjab University , _c1999. |
||
| 300 |
_a784 p. : _c26 cm. |
||
| 650 | 0 |
_96470 _aSirat (Islam) |
|
| 942 |
_2ddc _cBK |
||
| 999 |
_c29583 _d29583 |
||